Apache Server 2 : Kompletní příručka administrátora
Gespeichert in:
| 1. Verfasser: | |
|---|---|
| Format: | Buch |
| Sprache: | Tschechisch |
| Veröffentlicht: |
Brno :
Computer Press,
2004
|
| Ausgabe: | 1. vyd. |
| Schlagworte: | |
| Tags: |
Keine Tags, Fügen Sie das erste Tag hinzu!
|
MARC
| LEADER | 00000nam a22000003a 4500 | ||
|---|---|---|---|
| 001 | stu159612 | ||
| 005 | 20150617225956.0 | ||
| 008 | 080310s2004----xr------------------cze-d | ||
| 020 | |a 80-251-0319-6 | ||
| 040 | |a STU |b slo | ||
| 041 | 0 | |a cze | |
| 044 | |a xr | ||
| 080 | |a 004.42Apache | ||
| 100 | 1 | |a Kabir, Mohamed J. |4 aut | |
| 245 | 1 | |a Apache Server 2 : |b Kompletní příručka administrátora | |
| 250 | |a 1. vyd. | ||
| 260 | |a Brno : |b Computer Press, |c 2004 | ||
| 300 | |a 724 s | ||
| 650 | 7 | |a Apache-webový server |2 stusub | |
| 650 | 7 | |a serverový softvér |2 stusub | |
| 996 | |b 284EK87177 |c E*87177 |l EE22 |s P |a 0 |w stu159612_0001 | ||